000 01881cam a22005054i 4500
003 PE-LiUPU
005 20250731173512.0
008 150706s r 000 0 d
020 _a0385032536
035 _a(Sirsi) i9780385032537
040 _aPE-LiUPU
_bspa
_cPE-LiUPU
_erda
049 _aPRUA
082 0 4 _a220.7
_bAB2000
_221
100 1 _aMann, C. S.,
_eautor.
245 1 0 _aMark 1-8.
_n27 /
_cC. S. Mann.
264 1 _aNew York :
_bThe Anchor Bible,
_c2000.
300 _a569 páginas ;
_c25 centímetros
336 _atext
_2rdacontent
337 _aunmediated
_2rdamedia
338 _avolume
_2rdacarrier
490 0 _aThe Anchor Bible ;
_v27A
504 _aIncluye bibliografía.
505 0 _aConflict Is Joined.- The Acts of Jesús.- Jesús and the Community.- Passion.- Israel Under Judgment.- The Future.- The Passion Narrative.
526 _aSEG42
526 _aSEG41
526 _aSEG40
526 _aSEG39
526 _aP94
526 _aP87
526 _aP86
526 _aP85
526 _aP77
526 _aP76
526 _aP35
630 _aBiblia.
_pN.T.
_pMarcos
_xComentarios.
910 _a
942 _2ddc
_cBOOK
949 _a220.7 AB 27
_wDEWEY
_c1
_i41146
_lCCODEBUL1
_mBUL
_r0
_sY
_tBOOK
_u2015-6-16
_xTEOLOGIA
_zUNKNOWN
_0COMPRA
_o.STAFF. Colección General
949 _a220.7 AB 27A 2000
_wDEWEY
_c1
_i47804
_lCCODEBUL1
_mBUL
_r0
_sY
_tBOOK
_u2015-7-6
_xTEOLOGIA
_zUNKNOWN
_0COMPRA
_o.STAFF. Colección General
994 _aC0
_bPEPRU
596 _a1
999 _a220.7 AB 27
_wDEWEY
_c58955
_i41146
_d58955
_f2021-11-9
_g5
_lCCODEBUL1
_mBUL
_q1
_r0
_sY
_tBOOK
_u2015-6-16
_xTEOLOGIA
_zUNKNOWN
_0COMPRA
_o.STAFF. Colección General
999 _a220.7 AB 27A 2000
_wDEWEY
_c1
_i47804
_f2021-11-9
_g5
_lCCODEBUL1
_mBUL
_r0
_sY
_tBOOK
_u2015-7-6
_xTEOLOGIA
_zUNKNOWN
_0COMPRA
_o.STAFF. Colección General
980 _81
_gALBERTO SANCHEZ Responsable de Automatización